| 000 | 00708nab a22001937a 4500 | ||
|---|---|---|---|
| 005 | 20150715120937.0 | ||
| 008 | 150715b2014 ck |||||r|||| 00| 0 spa d | ||
| 040 |
_aCO-BoIAVH _cCO-BoIAVH |
||
| 041 | _aspa | ||
| 044 | _ack | ||
| 245 | _aAlgunas miradas al libro y a la edición en Colombia | ||
| 260 | 3 |
_aBogotá (Colombia): _bBiblioteca Luis Ángel Arango, _c2014. |
|
| 300 |
_aAño 2014, Nro 86, Pags. 66-99 _bilustaciones. |
||
| 650 | 4 |
_aEdición de documentos _917738 |
|
| 650 | 4 |
_aDiseño de libros. _91144 |
|
| 710 | 1 |
_aBiblioteca Luis Ángel Arango (Bogotá) _924420 |
|
| 773 | 0 |
_dBogotá Biblioteca Luis Angel Arango. 1958 - _o042078 _tBoletín cultural y bibliográfico BLAA |
|
| 942 |
_2z _cARTICULO |
||
| 999 |
_c17593 _d17593 |
||